LEADER 01558nam0-2200313---450 001 9910647899203321 005 20230413115505.0 012 $ariin x.a. s.s. ueo. (C) 1828 (A)$2fei$5IT-NA0338: B III 24 (6 100 $a20230307d1828----km-y0itay50------ba 101 0 $aita 102 $aIT 140 $aa-----------------bb0------- 200 1 $aMemoria sul pruno cocumiglia di Calabria del socio ordinario cav. Michele Tenore letta nell'adunanza del R. Istituto d'Incoraggiamento alle scienze naturali de' 15 dicembre 1827, ed estratta dal IV volume de' suoi Atti accademici 210 $aNapoli$d1828 215 $a[2], 9, [1], [1] c. di tav. rip.$cill.$d4° 300 $aCors., rom. 300 $aCarta di tav. calcogr. 307 $aSegn.: ?¹ 1?(-1/6). - Ultima carta bianca 316 $aLegato con altri 17 testi, di cui 10 moderni$5IT-NA0338: B III 24 (6 620 $aItalia.$dNapoli 700 1$aTenore,$bMichele$f<1780-1861>$038409 801 0$aIT$bUNINA$gREICAT$2UNIMARC 856 4 $zVisualizza la versione elettronica in Google Books$uhttps://books.google.it/books?id=PkcAAAAAQAAJ&printsec=frontcover&hl=it&source=gbs_ge_summary_r&cad=0#v=onepage&q&f=false$e20230307 901 $aAQ 912 $a9910647899203321 952 $aB III 24 (6$fDBV 959 $aDBV 996 $aMemoria sul pruno cocumiglia di Calabria del socio ordinario cav. Michele Tenore letta nell'adunanza del R. Istituto d'Incoraggiamento alle scienze naturali de' 15 dicembre 1827, ed estratta dal IV volume de' suoi Atti accademici$93040144 997 $aUNINA LEADER 02210nam 2200361 450 001 9910724359303321 005 20230626083055.0 035 $a(CKB)5470000002601356 035 $a(NjHacI)995470000002601356 035 $a(EXLCZ)995470000002601356 100 $a20230626d1997 uy 0 101 0 $afre 135 $aur||||||||||| 181 $ctxt$2rdacontent 182 $cc$2rdamedia 183 $acr$2rdacarrier 200 10$aHistoire et les nouveaux publics dans l'Europe me?die?vale (XIIIe-XVe) $eactes du colloque international organise? par la Fondation europee?enne de la science a? la Casa de Velasquez, Madrid, 23-24 avril 1993 /$fJean-Philippe Genet 210 1$aParis :$cE?ditions de la Sorbonne,$d1997. 215 $a1 online resource (260 pages) 225 1 $aPublications de la Sorbonne ;$v41 330 $aLe de?veloppement des grandes monarchies fe?odales de l'Occident et celui des grandes cite?s italiennes et allemandes rend dans toute l'Europe me?die?vale lancinante la question de l'identite? nationale et/ou civique ; l'histoire, cre?atrice d'identite? et de le?gitimite?, devient un enjeu crucial. En me?me temps, le changement complet du statut de l'e?crit dans la culture me?die?vale permet a? un public plus large, souvent lai?que, d'acce?der directement a? la connaissance historique. Cette situation nouvelle transforme profonde?ment l'e?criture me?me du texte historique que les auteurs ou leurs patrons vont adapter aux nouveaux besoins. Les e?tudes rassemble?es dans ce volume font le point sur ces processus complexes ; elles sont issues du second colloque organise? par la Fondation Europe?enne sur l'Historiographie Me?die?vale en Europe. 410 0$aPublications de la Sorbonne ;$v41. 517 $aHistoire et les nouveaux publics dans l'Europe médiévale 606 $aMiddle Ages$xHistoriography 615 0$aMiddle Ages$xHistoriography. 676 $a940.1072 700 $aGenet$b Jean-Philippe$0410963 801 0$bNjHacI 801 1$bNjHacl 906 $aBOOK 912 $a9910724359303321 996 $aHistoire et les nouveaux publics dans l'Europe me?die?vale (XIIIe-XVe)$93391009 997 $aUNINA